000 01240cam a2200325 a 4500
001 2996414
003 ARRUPE
005 20161116092512.0
008 930311s1993 sa a b 001 0 eng
010 _a 93018987
020 _a1856491994
020 _a1856492001 (pbk.)
040 _aDLC
_cDLC
_dDLC
043 _af------
050 0 0 _aPN2969
_b.M42 1993
082 0 0 _a792/.096
_220
100 1 _aMda, Zakes.
_927482
245 1 0 _aWhen people play people :
_bdevelopment communication through theatre /
_cZakes Mda.
260 _aJohannesburg :
_bWitwatersand University Press ;
_aLondon ;
_aAtlantic Highlands, N.J. :
_bZed Books,
_cc1993.
300 _ax, 250 p. :
_bill. ;
_c24 cm.
504 _aIncludes bibliographical references and index.
650 0 _aTheater and society
_zAfrica.
_927483
650 0 _aCommunity development
_zAfrica.
_916761
650 0 _aDrama in education
_zAfrica.
_927484
650 0 _aTheater
_xPolitical aspects
_zAfrica.
_927485
650 0 _aCommunication in rural development
_zAfrica.
_927486
906 _a7
_bcbc
_corignew
_d1
_eocip
_f19
_gy-gencatlg
942 _2lcc
_cMONOGRAPH
999 _c125741
_d125741